| 000 | 01183nam a2200349Ii 4500 | ||
|---|---|---|---|
| 001 | DIGUAL0187 | ||
| 003 | NyNyDIG | ||
| 006 | m o d | ||
| 007 | cr ||||||||||| | ||
| 008 | 140501s1999 sp ob 000 0 spa d | ||
| 020 | _z9788479084226 | ||
| 020 | _z8479084227 | ||
| 035 | _a(OCoLC)888249446 | ||
| 040 |
_aDGITA _beng _epn _cDGITA |
||
| 050 | 1 | 4 | _aQA76.6 eBook |
| 245 | 0 | 0 |
_aFundamentos de programación _nvol. II. _pLenguajes / _cAntonio Corbí Bellot ... [et al.]. |
| 264 | 1 |
_aAlicante : _bPublicaciones de la Universidad de Alicante, _c1999. |
|
| 300 | _a1 online resource (213 pages) | ||
| 336 |
_atext _btxt _2rdacontent |
||
| 337 |
_acomputer _bc _2rdamedia |
||
| 338 |
_aonline resource _bcr _2rdacarrier |
||
| 490 | 1 | _aTextos docentes. | |
| 650 | 0 | _aComputer programming. | |
| 655 | 0 | _aElectronic books. | |
| 700 | 1 | _aCorbí Bellot, Antonio. | |
| 791 | 2 |
_aDigitalia (Firm), _edistributor. |
|
| 830 | 0 | _aTextos docentes (Alicante, Spain). | |
| 793 | 0 |
_gDigitalia eBook Collection: _aUniv. de Alicante. |
|
| 856 | 4 | 0 |
_3Digitalia Hispánica _uhttps://www.digitaliapublishing.com/a/664/ |
| 910 | _aPremium Collection: 2007-2012 | ||
| 942 | _cRAA | ||
| 999 |
_c229676 _d229676 |
||